FACTS AT YOUR FINGERTIPS (Record no. 59046)

000 -LEADER
fixed length control field 00461nam a22001817a 4500
003 - CONTROL NUMBER IDENTIFIER
control field MPLRDC
005 - DATE AND TIME OF LATEST TRANSACTION
control field 20220104172630.0
008 - FIXED-LENGTH DATA ELEMENTS--GENERAL INFORMATION
fixed length control field 210129b ||||| |||| 00| 0 eng d
020 ## - INTERNATIONAL STANDARD BOOK NUMBER
International Standard Book Number 1-876689-26-9
082 ## - DEWEY DECIMAL CLASSIFICATION NUMBER
Classification number 046 RD
100 ## - MAIN ENTRY--PERSONAL NAME
Personal name THE READER'S DIGEST
245 ## - TITLE STATEMENT
Title FACTS AT YOUR FINGERTIPS
Statement of responsibility, etc.
250 ## - EDITION STATEMENT
Edition statement 初版
260 ## - PUBLICATION, DISTRIBUTION, ETC.
Place of publication, distribution, etc.
Name of publisher, distributor, etc. THE READER'S DIGEST ASSOCIATION
Date of publication, distribution, etc. 2002
300 ## - PHYSICAL DESCRIPTION
Other physical details 640
650 ## - SUBJECT ADDED ENTRY--TOPICAL TERM
Topical term or geographic name entry element 类书; 百科全书--杂录
942 ## - ADDED ENTRY ELEMENTS (KOHA)
Koha item type Book
-- 046 RD
Holdings
Withdrawn status Lost status Source of classification or shelving scheme Damaged status Not for loan Collection code Home library Current library Shelving location Date acquired Cost, normal purchase price Total Checkouts Full call number Barcode Date last seen Date last checked out Price effective from Koha item type Public note
            Malaysian Public Library, Research and Development Centre Malaysian Public Library, Research and Development Centre   10/12/2007 0.00   046 RD E0003688 18/03/2021 11/02/2012 18/03/2021 Book mplrdc

© 2022. Malaysian Public Library, Research and Development Centre. All Right ReservedE-mailmplrdc@help.edu.my 

Powered by Koha